000 00793nam a22002777a 4500
001 BR8701109
003 BR-BrBNA
005 20230928092408.0
007 ta
008 230509b bl.||||| |||| 00| 0 por d
040 _aBR-BrBNA
_bpor
_cBiblioteca Nacional de Agricultura
041 _a(Por)
072 _aN20
090 _ N20 BR8701109
100 1 _aEchelmeier, A.E.
245 1 _aEquipamento para irrigacao e outros
_bApresentado no 1. Concurso de Equipamentos Agricolas Apropriados ao Pequeno Produtor Rural
260 3 _aCuritiba, PR (Brasil):
_c1986.
300 _a7 p.
650 _aEQUIPAMENTO AGRICOLA
650 _aBOMBA D'AGUA
650 _aTECNOLOGIA APROPRIADA
650 _aIRRIGACAO
650 _aVEICULO
909 _a202309
_bLucia
_c55
_dLucia Elande
942 _cBK
999 _c38800
_d38800